Automation n developing countries (Record no. 497707)

000 -LEADER
fixed length control field 00264cam a22000977a 4500
008 - FIXED-LENGTH DATA ELEMENTS--GENERAL INFORMATION
fixed length control field 180718b1972 xxu||||| |||| 00| 0 eng d
082 ## - DEWEY DECIMAL CLASSIFICATION NUMBER
Classification number T253 In8
245 ## - TITLE STATEMENT
Title Automation n developing countries
260 ## - PUBLICATION, DISTRIBUTION, ETC.
Place of publication, distribution, etc. Geneva
Name of publisher, distributor, etc. International Labour Office
Date of publication, distribution, etc. 1972
300 ## - PHYSICAL DESCRIPTION
Extent 246+p
Holdings
Withdrawn status Lost status Damaged status Not for loan Permanent Location Current Location Date acquired Full call number Barcode Date last seen Price effective from Koha item type
        Indian Institute of Public Administration Indian Institute of Public Administration 2018-08-04 T253 In8 G11990 2018-08-04 2018-08-04 G

Powered by Koha